00378cam a2200145ua 4500020000900000041001000009082001900019100002600038245007600064250001200140260005400152300001200206365000900218504000500227 c9.75 aengh a515.15bFAD/CA aFadell , Albert G . aCalculus with analytic geometry / cAlbert G Fadell.hTextual Documents a1 / b. aLondon : bD. Van Nostrand Company Inc , c1964. a705 ; . a9.75 a